[Event "WJun"]
[Site "Nakhchivan AZE"]
[Date "2003.07.02"]
[Round "12"]
[White "Rohit,G"]
[Black "Jirka,J"]
[Result "1-0"]
[WhiteElo "2357"]
[BlackElo "2394"]
[EventDate "2003.06.22"]

1. e4 e5 2. Nf3 Nc6 3. Bb5 Nd4 4. Nxd4 exd4 5. O-O Bc5 6. Bc4 h5 7. d3 c6
8. Qf3 Qf6 9. Nd2 d6 10. a4 a6 11. Qxf6 Nxf6 12. Nf3 d5 13. exd5 cxd5 14.
Bb3 Bg4 15. Ne5 Be6 16. Bd2 Nd7 17. Nf3 f6 18. Rae1 Kf7 19. Nh4 g5 20. Nf3
Rhg8 21. Re2 Rad8 22. Ne1 Ba7 23. f4 gxf4 24. Bxf4 Rg6 25. Nf3 Rdg8 26. Bd6
Bc5 27. Bxc5 Nxc5 28. Ne5+ Kg7 29. Nxg6 Kxg6 30. Ba2 Kf7 31. Rfe1 a5 32.
Rxe6 Nxe6 33. Bxd5 Re8 34. Kf2 1-0

[Event "WJun"]
[Site "Nakhchivan AZE"]
[Date "2003.07.02"]
[Round "12"]
[White "Izoria,Z"]
[Black "Esplana,C"]
[Result "1/2-1/2"]
[WhiteElo "2569"]
[BlackElo "2367"]
[EventDate "2003.06.22"]

1. d4 Nf6 2. Nf3 e6 3. c4 b6 4. g3 Ba6 5. b3 Bb4+ 6. Bd2 Be7 7. Bg2 c6 8.
O-O d5 9. Qc2 O-O 10. Rd1 Nbd7 11. Bf4 Rc8 12. Nc3 b5 13. c5 b4 14. Na4 Bb5
15. a3 a5 16. axb4 axb4 17. Re1 Ra8 18. Nb2 Ne4 19. Nd3 g5 20. Rxa8 Qxa8
21. Bc1 f5 22. Nfe5 Nxe5 23. Nxe5 Qb7 24. f3 Nc3 25. Bb2 Bf6 26. Bxc3 bxc3
27. Qxc3 h5 28. e4 fxe4 29. fxe4 Qh7 30. exd5 exd5 31. h3 Qf5 32. Kh1 Qf2
33. g4 hxg4 34. Nxg4 Qxd4 35. Qc2 Kg7 36. Qf5 Qf4 1/2-1/2

[Event "WJun"]
[Site "Nakhchivan AZE"]
[Date "2003.07.02"]
[Round "12"]
[White "Kritz,L"]
[Black "Kuparadze,G"]
[Result "1-0"]
[WhiteElo "2468"]
[BlackElo "2227"]
[EventDate "2003.06.22"]

1. e4 c5 2. Nf3 e6 3. Nc3 Nc6 4. d4 cxd4 5. Nxd4 a6 6. Be2 Qc7 7. Be3 Nf6
8. a3 b5 9. f4 Bb7 10. Bf3 Nxd4 11. Qxd4 Rc8 12. e5 Ng8 13. Ne4 Bxe4 14.
Bxe4 f5 15. Bf3 d5 16. exd6 Bxd6 17. Rd1 Rd8 18. Bh5+ Kf8 19. Qb6 Ne7 20.
Qxc7 Bxc7 21. Rxd8+ Bxd8 22. Bc5 g6 23. Bf3 Kf7 24. Bb7 Bb6 25. Bd6 Rd8 26.
Be5 a5 27. Ke2 Rd7 28. Bf3 Bc7 29. Rd1 Nd5 30. Bxd5 exd5 31. Bc3 Bxf4 32.
Bxa5 Be5 33. c3 Ke6 34. h3 f4 35. Bb6 g5 36. Kf3 Kf5 37. Bd4 Bd6 38. Bf2
Be5 39. Bd4 Bd6 40. Bf2 Bb8 41. g3 h5 42. gxf4 Bxf4 43. Rd4 g4+ 44. hxg4+
hxg4+ 45. Kg2 Be5 46. Rb4 Rb7 47. a4 Rh7 48. a5 Rh2+ 49. Kg1 g3 50. Bc5 d4
51. Bxd4 Bxd4+ 52. cxd4 Ke4 53. Rxb5 Kxd4 54. a6 Rh8 55. b4 Kc4 56. Rb7 Rh2
57. a7 Ra2 58. b5 1-0

[Event "WJun"]
[Site "Nakhchivan AZE"]
[Date "2003.07.02"]
[Round "12"]
[White "Sadykov,R"]
[Black "Kanep,M"]
[Result "0-1"]
[WhiteElo "2416"]
[BlackElo "2446"]
[EventDate "2003.06.22"]

1. e4 c5 2. Nf3 d6 3. d4 cxd4 4. Nxd4 Nf6 5. Nc3 a6 6. Be2 e5 7. Nb3 Be7 8.
O-O Be6 9. f4 Qc7 10. Kh1 Nbd7 11. a4 O-O 12. a5 Rfc8 13. Be3 exf4 14. Rxf4
Nc5 15. Nd4 Re8 16. Qd2 Rad8 17. b4 Ncd7 18. Nf5 Bxf5 19. Rxf5 Rc8 20. Bd4
d5 21. Nxd5 Nxd5 22. Rxd5 Nf6 23. Re5 Red8 24. Qe3 Bxb4 25. Rg5 Rxd4 26.
Qxd4 Bc3 27. Qa4 Bxa1 28. Qxa1 Qf4 29. Rf5 Qe3 30. Bd3 Nxe4 31. Rf3 Qd2 32.
Bxe4 Re8 33. Rd3 Qe2 34. Rd4 Rxe4 35. Rd8+ Re8 36. Rxe8+ Qxe8 37. h3 Qe4
38. Qc3 h5 39. Kg1 Kh7 40. Qc5 Kh6 41. Qd6+ f6 42. Qd2+ Kg6 43. Qc3 h4 44.
Qd2 Kh7 45. Qc3 Kh6 46. Kh1 f5 47. Kh2 Qf4+ 48. Kg1 Qg3 49. Qd2+ g5 50. Qd8
Qe1+ 51. Kh2 Qe5+ 52. Kh1 Kh5 53. Qd7 g4 54. hxg4+ fxg4 55. Qf7+ Kg5 56.
Qg8+ Kf4 57. Qf8+ Kg3 58. Qa3+ Kf2 59. Qf8+ Ke2 60. Qa3 Qe3 61. Qb4 g3 62.
Qc4+ Kd2 63. Qb4+ Kc1 64. c4 Qd3 65. Qe1+ Qd1 66. Qxd1+ Kxd1 67. Kg1 Ke2
68. c5 Ke1 0-1

[Event "WJun"]
[Site "Nakhchivan AZE"]
[Date "2003.07.02"]
[Round "12"]
[White "Schneider,Dm"]
[Black "Mamedov,Rau"]
[Result "1/2-1/2"]
[WhiteElo "2424"]
[BlackElo "2330"]
[EventDate "2003.06.22"]

1. e4 c5 2. c4 d6 3. Ne2 Nf6 4. Nbc3 e5 5. g3 g6 6. Bg2 Bg7 7. O-O O-O 8.
d3 Nc6 9. a3 a6 10. Rb1 Rb8 11. b4 cxb4 12. axb4 b5 13. h3 Be6 14. Nd5 Ne7
15. Nec3 Nfxd5 16. Nxd5 Nxd5 17. exd5 Bd7 18. Be3 f5 19. f4 Rc8 20. Rc1 Qf6
21. Qd2 1/2-1/2

[Event "WJun"]
[Site "Nakhchivan AZE"]
[Date "2003.07.02"]
[Round "12"]
[White "Safarli,E"]
[Black "Mahesh Chandran,P"]
[Result "1/2-1/2"]
[WhiteElo "2201"]
[BlackElo "2419"]
[EventDate "2003.06.22"]

1. e4 e5 2. Nf3 Nc6 3. Nc3 Nf6 4. g3 d5 5. exd5 Nxd5 6. Bg2 Be6 7. O-O Bc5
8. Re1 O-O 9. Ne4 Bb6 10. b3 h6 11. Ba3 Re8 12. Nc3 Nxc3 13. dxc3 Qf6 14.
Qe2 Bg4 15. h3 Bh5 16. Qe4 Bg6 17. Qh4 Qxh4 18. Nxh4 Bxc2 19. Rac1 Bh7 20.
Rcd1 e4 21. g4 Ne5 22. Re2 h5 23. c4 c5 24. Rd5 hxg4 25. hxg4 Nxg4 26. Bb2
Nh6 27. Re3 f6 28. Rd7 Rad8 29. Rxb7 Rd1+ 30. Bf1 Bf5 31. Rg3 Bg4 32. Kg2
e3 33. Be2 Rd2 34. Bxg4 Rxf2+ 35. Kh3 1/2-1/2

[Event "WJun"]
[Site "Nakhchivan AZE"]
[Date "2003.07.02"]
[Round "12"]
[White "Zubov,A UKR"]
[Black "Harikrishna,P"]
[Result "1/2-1/2"]
[WhiteElo "2494"]
[BlackElo "2563"]
[EventDate "2003.06.22"]

1. d4 Nf6 2. Nf3 e6 3. c4 d5 4. Nc3 dxc4 5. e4 Bb4 6. Bg5 c5 7. Bxc4 cxd4
8. Nxd4 Bxc3+ 9. bxc3 Qa5 10. Bxf6 Qxc3+ 11. Kf1 gxf6 12. Rc1 Qa5 13. h4
Nc6 14. Rh3 Ke7 15. Nxc6+ bxc6 16. Rhc3 Rd8 17. Qf3 Ba6 18. Bxa6 Qxa6+ 19.
Qe2 Qxe2+ 20. Kxe2 Rd4 21. Ke3 Rad8 22. Ra3 f5 23. exf5 exf5 24. Rxc6 a5
25. Rc5 Kf6 26. g3 a4 27. Ke2 Rd2+ 28. Kf1 R8d3 29. Rxd3 Rxd3 30. Rc6+ Kg7
31. Rc5 Kg6 32. Kg2 Rd2 33. Rc6+ f6 34. Rc4 Rxa2 35. Rf4 Ra1 36. Kh2 h6 37.
Kg2 h5 38. Kf3 Ra2 39. Kg2 Ra3 40. Rd4 Kf7 41. f4 Ra2+ 42. Kg1 Ke6 43. Kh1
a3 44. Rd3 Re2 45. Rxa3 Kd5 46. Ra4 Rc2 47. Kg1 Rc4 48. Ra2 Ke4 49. Kf2 Kd5
50. Re2 Re4 51. Ra2 Rb4 52. Ra3 Rb8 53. Ke3 Re8+ 54. Kf3 Ke6 55. Ra7 Re7
56. Ra8 Kf7 1/2-1/2

[Event "WJun"]
[Site "Nakhchivan AZE"]
[Date "2003.07.02"]
[Round "12"]
[White "Hanley,C"]
[Black "Geirnaert,S"]
[Result "1-0"]
[WhiteElo "2375"]
[BlackElo "2289"]
[EventDate "2003.06.22"]

1. e4 e5 2. Nf3 Nc6 3. Bb5 a6 4. Ba4 Nf6 5. O-O Nxe4 6. d4 b5 7. Bb3 d5 8.
dxe5 Be6 9. Nbd2 Bc5 10. Qe1 Nxd2 11. Bxd2 O-O 12. Rd1 Re8 13. Be3 d4 14.
Bxe6 Rxe6 15. c3 Nxe5 16. Nxe5 dxe3 17. Rxd8+ Rxd8 18. fxe3 Rxe5 19. Kh1
Rxe3 20. Qf2 f6 21. Qc2 h6 22. a4 bxa4 23. Qxa4 Rd2 1-0

[Event "WJun"]
[Site "Nakhchivan AZE"]
[Date "2003.07.02"]
[Round "12"]
[White "Arun Prasad,S"]
[Black "Pacheco,M"]
[Result "1/2-1/2"]
[WhiteElo "2275"]
[BlackElo "2349"]
[EventDate "2003.06.22"]

1. Nf3 d5 2. b3 Nf6 3. Bb2 g6 4. c4 c6 5. g3 Bg7 6. Bg2 O-O 7. O-O Nbd7 8.
cxd5 cxd5 9. d4 b6 10. Ne5 Bb7 11. Nd2 Rc8 12. Rc1 Rxc1 13. Qxc1 Qb8 14.
Nxd7 Nxd7 15. Nf3 Rc8 16. Qd2 Ba6 17. Rc1 e6 18. e3 Nf6 19. Ne5 Ne4 20.
Bxe4 dxe4 21. Rxc8+ Qxc8 22. Qc3 Qxc3 23. Bxc3 Bxe5 24. dxe5 Kf8 25. a4 Ke7
26. a5 bxa5 27. Bxa5 Kd7 28. g4 g5 29. Kg2 Be2 30. Kg3 Bd1 31. b4 Be2 32.
h3 Bf1 33. Kh2 Bb5 34. Kg3 Be2 35. Kh2 h5 36. gxh5 Bxh5 37. b5 Be2 38. b6
axb6 39. Bxb6 Ke8 40. Bc5 1/2-1/2

[Event "WJun"]
[Site "Nakhchivan AZE"]
[Date "2003.07.02"]
[Round "12"]
[White "Murariu,A"]
[Black "Agayev,N"]
[Result "1-0"]
[WhiteElo "2347"]
[BlackElo "2116"]
[EventDate "2003.06.22"]

1. Nf3 g6 2. e4 Bg7 3. d4 d6 4. Be2 Nf6 5. Nc3 c6 6. a4 O-O 7. O-O Bg4 8.
Be3 Nbd7 9. Nd2 Bxe2 10. Qxe2 e5 11. dxe5 dxe5 12. f3 Qe7 13. a5 Rfd8 14.
Qf2 b6 15. Rfd1 Rab8 16. Nb3 Qe6 17. axb6 axb6 18. Ra6 Qc4 19. Rda1 Bf8 20.
Bxb6 Nxb6 21. Rxb6 Bc5 22. Nxc5 Rxb6 23. Ne6 Rxb2 24. Nxd8 Qxc3 25. Qa7 Qc4
26. Rc1 Kg7 27. h3 c5 28. Kh2 h5 29. h4 Ra2 30. Qc7 Rb2 31. Kh3 Ra2 32. Qe7
Rb2 33. Ra1 Rxc2 34. Ra7 Nxe4 35. Ne6+ 1-0

[Event "WJun"]
[Site "Nakhchivan AZE"]
[Date "2003.07.02"]
[Round "12"]
[White "Gashimov,S"]
[Black "Kozak,L"]
[Result "0-1"]
[WhiteElo "2317"]
[BlackElo "2178"]
[EventDate "2003.06.22"]

1. Nf3 d5 2. b3 c5 3. Bb2 f6 4. c4 d4 5. b4 e5 6. bxc5 Nc6 7. d3 Bxc5 8. g3
Nge7 9. Bg2 O-O 10. O-O Bg4 11. Ba3 Bxa3 12. Nxa3 Qd7 13. Qb3 Rab8 14. Rfc1
Kh8 15. Qb5 Ng6 16. Qd5 Qe7 17. Nc2 a6 18. c5 Be6 19. Qd6 Qf7 20. Nfxd4
Nxd4 21. Nxd4 exd4 22. Qxd4 Bxa2 23. c6 bxc6 24. Rxc6 Rbd8 25. Qc5 Bd5 26.
Rc7 Qe6 27. e4 Ba8 28. Qa7 Ne5 29. Rxg7 Nf7 30. Bh3 Qb3 31. Rg4 Qxd3 32.
Bf1 Qd7 33. Qxd7 Rxd7 34. Rxa6 Ng5 35. h4 Nf3+ 36. Kg2 Ne5 37. Rf4 Kg7 38.
Kh3 Ng6 39. Rf3 Bxe4 40. Re3 Bb7 41. Ra1 Rff7 42. h5 Ne5 43. f4 Nc6 44. g4
Nd4 45. Rd1 Nc2 46. Rxd7 Nxe3 47. h6+ Kf8 48. Rxf7+ Kxf7 49. Bd3 f5 50. g5
Kg6 51. Bb5 Bd5 52. Kg3 Nc2 53. Be2 Nd4 54. Bd3 Bf7 55. Kh4 Nf3+ 56. Kg3
Nxg5 57. fxg5 Kxg5 58. Kf3 Bh5+ 59. Ke3 Bg4 60. Bc2 Kxh6 61. Kf4 Kg6 62.
Ba4 Kf6 63. Bc6 h5 64. Bb7 h4 65. Ba6 Ke6 66. Kg5 h3 67. Kf4 Kd5 68. Bb5
Kd4 69. Bf1 Kc3 70. Kg3 Kd2 71. Ba6 Ke3 72. Bb7 Ke2 73. Ba6+ Ke1 74. Bb5
Kd2 75. Ba6 Ke3 76. Bb7 Kd4 77. Kf4 Kc5 78. Ba8 Kd6 79. Bb7 Ke6 80. Ba6 Kf6
81. Bf1 Kg6 82. Ba6 Kh5 83. Kg3 Kg5 84. Bb7 f4+ 85. Kh2 Kh4 86. Ba6 Kg5 87.
Bb7 Kf6 88. Kg1 Ke5 89. Kf2 Kd4 90. Bh1 Bf5 91. Kg1 Be4 0-1

[Event "WJun"]
[Site "Nakhchivan AZE"]
[Date "2003.07.02"]
[Round "12"]
[White "Gupta,A"]
[Black "Agaragimov,D"]
[Result "0-1"]
[WhiteElo "2335"]
[BlackElo "2252"]
[EventDate "2003.06.22"]

1. d4 Nf6 2. c4 g6 3. Nc3 Bg7 4. e4 O-O 5. Be3 d6 6. f3 Nc6 7. Nge2 a6 8.
Qd2 Rb8 9. g4 b5 10. h4 bxc4 11. h5 e5 12. d5 Nb4 13. Ng3 Qe7 14. Bxc4 a5
15. O-O-O Nd7 16. Rdg1 Ba6 17. Bxa6 Nxa6 18. Nf5 gxf5 19. gxf5 Kh8 20. Ne2
Rg8 21. Ng3 Bf6 22. h6 Bg5 23. Nh5 Bxe3 24. Qxe3 Nf6 25. Ng7 Nc5 26. Rg5
Qd7 27. Rg2 Qb5 28. Rd1 Qa4 29. a3 Qc4+ 30. Kb1 Qb3 31. Qxb3 Rxb3 32. Rf2
Rgb8 33. Ka1 Nd3 34. Rxd3 Rxd3 35. Rc2 Rb7 36. f4 exf4 37. Rf2 f3 0-1

[Event "WJun"]
[Site "Nakhchivan AZE"]
[Date "2003.07.02"]
[Round "12"]
[White "Masse,H"]
[Black "Monroy,C"]
[Result "0-1"]
[WhiteElo "2120"]
[BlackElo "2294"]
[EventDate "2003.06.22"]

1. d4 d5 2. c4 Nc6 3. Nc3 dxc4 4. d5 Ne5 5. f4 Nd7 6. e4 Nc5 7. Bxc4 e6 8.
b4 exd5 9. Bxd5 Nd7 10. Nf3 Nh6 11. Rb1 Nb6 12. O-O Be7 13. Bb3 O-O 14. a3
c5 15. Qxd8 Rxd8 16. Nd5 Nxd5 17. Bxd5 Be6 18. Bxe6 fxe6 19. Be3 b6 20. Ne5
cxb4 21. axb4 Bf6 22. Nf3 Rd3 23. Bf2 Ng4 24. Rfd1 Rad8 25. Rxd3 Rxd3 26.
b5 Nxf2 27. Kxf2 Ra3 28. Rd1 Ra5 29. Rd7 Kf8 30. Rb7 Rxb5 31. Rxa7 Rb4 32.
Rb7 h6 33. g4 Bb2 34. h3 Bc1 35. f5 Rxe4 36. Nh4 exf5 37. Nxf5 g6 38. Rb8+
Re8 39. Rxb6 gxf5 40. Rf6+ Kg7 41. Rxf5 Bg5 42. Rb5 Kf6 43. Rf5+ Ke6 44.
Ra5 Rb8 45. Ra2 Rb3 46. Kg2 Ke5 47. Re2+ Kf4 48. Rf2+ Ke4 49. Re2+ Be3 50.
Kg3 Rb1 51. Ra2 Rg1+ 52. Rg2 Bf4+ 53. Kf2 Rb1 54. h4 Rb3 55. Ke2 Be3 56. g5
Rb2+ 57. Kf1 Rb1+ 58. Ke2 Rb2+ 59. Kf1 Rb6 60. Ke2 Rg6 61. Rg4+ Bf4 62. Rg1
h5 63. Ra1 Be5 64. Ra4+ Bd4 65. Kf1 Rb6 66. Kg2 Rb1 67. Kg3 Rg1+ 68. Kh3
Rg4 69. Ra2 Kf3 70. Ra3+ Be3 71. Ra1 Bf2 72. Ra3+ Ke2 73. Ra2+ Kf1 74. Ra1+
Be1 0-1

[Event "WJun"]
[Site "Nakhchivan AZE"]
[Date "2003.07.02"]
[Round "12"]
[White "Wang,H"]
[Black "Allemann,A"]
[Result "1-0"]
[WhiteElo "2226"]
[BlackElo "2254"]
[EventDate "2003.06.22"]

1. e4 c5 2. Nf3 d6 3. d4 cxd4 4. Nxd4 Nf6 5. Nc3 Nc6 6. Bg5 e6 7. Qd2 a6 8.
O-O-O h6 9. Nxc6 bxc6 10. Bf4 d5 11. Qe3 Be7 12. Be2 O-O 13. Qg3 Kh8 14.
Bc7 Qd7 15. Be5 Ne8 16. Qe3 Bf6 17. Bxf6 Nxf6 18. g4 Qe7 19. g5 hxg5 20.
Qxg5 Ng8 21. Qh5+ Nh6 22. Rhg1 Qf6 23. Rd3 Qf4+ 24. Kb1 dxe4 25. Rh3 e5 26.
Rh4 Qf5 27. Rg5 Qh7 28. Nxe4 f6 29. Nxf6 Rxf6 30. Bd3 Qg8 31. Rg6 Re6 32.
Qxh6+ gxh6 33. Rhxh6+ Qh7 34. Rxh7+ Kxh7 35. Rxe6+ Kg7 36. Rxe5 Kf6 37. Rc5
Bd7 38. a4 Rh8 39. Bxa6 Rxh2 40. Bb7 Ke6 41. a5 Kd6 42. Rc3 Rxf2 43. a6 Kc7
44. b4 Rf4 45. b5 Rb4+ 46. Kc1 Rxb5 47. Ra3 Rxb7 48. a7 Rxa7 49. Rxa7+ Kd6
50. Kd2 Be6 51. Kc3 Bf5 52. Ra5 Be4 53. Kb3 Bf3 54. c3 Be4 55. Kb4 Bf3 56.
Rg5 Be4 57. Rh5 Bf3 58. Rh6+ Kd7 59. Kc5 Be4 60. Rd6+ Kc7 61. Re6 Bg2 62.
Re7+ Kd8 63. Kd6 Bd5 64. Rc7 1-0

[Event "WJun"]
[Site "Nakhchivan AZE"]
[Date "2003.07.03"]
[Round "13"]
[White "Azarov,S"]
[Black "Gashimov,V"]
[Result "1/2-1/2"]
[WhiteElo "2530"]
[BlackElo "2579"]
[EventDate "2003.06.22"]

1. e4 c5 2. Nf3 d6 3. d4 cxd4 4. Nxd4 Nf6 5. Nc3 a6 6. Be3 e5 7. Nb3 Be6 8.
f3 Nbd7 9. Qd2 Be7 10. g4 O-O 11. O-O-O Qc7 12. h4 Rfc8 13. g5 Nh5 14. Qf2
b5 15. Bh3 b4 16. Nd5 Bxd5 17. Rxd5 a5 18. Kb1 a4 19. Nc1 Rcb8 20. Bg4 Nf4
21. Bxf4 exf4 22. Bxd7 Qxd7 23. Nd3 1/2-1/2

[Event "WJun"]
[Site "Nakhchivan AZE"]
[Date "2003.07.03"]
[Round "13"]
[White "Erenburg,S"]
[Black "Ganguly,S"]
[Result "1/2-1/2"]
[WhiteElo "2499"]
[BlackElo "2542"]
[EventDate "2003.06.22"]

1. e4 e5 2. Nf3 Nc6 3. Bb5 a6 4. Bxc6 dxc6 5. O-O Bg4 6. h3 h5 7. d3 Qf6 8.
Nbd2 Ne7 9. Re1 Ng6 10. d4 Nf4 11. hxg4 hxg4 12. g3 gxf3 13. Qxf3 Ne6 14.
dxe5 Qxe5 15. Nb3 O-O-O 16. c3 Be7 17. Be3 Rd3 18. Red1 Rxd1+ 19. Rxd1 Bg5
20. Bd4 Qb5 21. Re1 Bf6 22. Bxf6 gxf6 23. Qf5 Qe5 24. Nd4 Qxf5 25. Nxf5 Ng5
26. Re3 Rd8 27. f4 Ne6 28. Kf2 Rd1 29. Re2 Kd7 30. Ke3 Nc5 31. Nd4 Rg1 32.
Kf3 Rb1 33. b3 Rd1 34. Nf5 Rd3+ 35. Re3 Rd2 36. e5 fxe5 37. Rxe5 Ne6 38.
Re2 Rd5 39. Ne3 Rd3 40. Rc2 Nc5 41. Ke2 Rd6 42. Nc4 Re6+ 43. Kf3 Re1 44.
Rd2+ Ke7 45. Ne3 b5 46. g4 Rh1 47. f5 f6 48. Re2 Kf7 49. Kg2 Rc1 50. c4 Nd3
51. Rd2 Ne5 52. Kg3 bxc4 53. Nxc4 Rc3+ 54. Kf4 Nxc4 55. bxc4 Rxc4+ 56. Kf3
Ke7 57. Re2+ Kf8 58. Rd2 a5 59. Rd7 a4 60. Rxc7 Rc2 61. g5 Rxa2 62. g6 Ra1
63. Rxc6 Kg7 64. Rc7+ Kg8 65. Ra7 a3 66. Ra8+ Kg7 67. Ra7+ Kg8 68. Kf2 a2
69. Kg2 Kf8 70. Rf7+ Kg8 71. Ra7 Kf8 72. Ra4 Kg7 73. Ra8 Kh6 74. Ra7 Rb1
75. Rxa2 Rb5 76. Rf2 Re5 77. Kg3 1/2-1/2

[Event "WJun"]
[Site "Nakhchivan AZE"]
[Date "2003.07.03"]
[Round "13"]
[White "Kanep,M"]
[Black "Zubov,A UKR"]
[Result "0-1"]
[WhiteElo "2446"]
[BlackElo "2494"]
[EventDate "2003.06.22"]

1. c4 Nf6 2. d4 e6 3. Nc3 Bb4 4. f3 d5 5. a3 Be7 6. e4 c5 7. cxd5 exd5 8.
Bb5+ Nc6 9. Nge2 O-O 10. e5 cxd4 11. Bxc6 dxc3 12. Ba4 cxb2 13. Bxb2 Nd7
14. Qxd5 Nc5 15. Qxd8 Rxd8 16. Bc2 Nd3+ 17. Bxd3 Rxd3 18. Nc1 Re3+ 19. Kf2
Bc5 20. Kg3 Bf5 21. Rd1 g5 22. a4 a5 23. h4 h6 24. Rd2 Rc8 25. Na2 Rc6 26.
hxg5 hxg5 27. Rc1 Be6 28. Ra1 Bxa2 29. Rxa2 Bb4 30. Rd5 Re2 31. e6 fxe6 32.
Rxg5+ Kf7 33. Rg7+ Ke8 34. Rxb7 Rcc2 35. Rb6 Rxg2+ 36. Kf4 Kd7 37. Ra1 Rxb2
38. Ra6 Rbe2 39. Ra7+ Ke8 0-1

[Event "WJun"]
[Site "Nakhchivan AZE"]
[Date "2003.07.03"]
[Round "13"]
[White "Jatautis,D"]
[Black "Izoria,Z"]
[Result "0-1"]
[WhiteElo "2149"]
[BlackElo "2569"]
[EventDate "2003.06.22"]

1. e4 c6 2. d4 d5 3. exd5 cxd5 4. c4 Nf6 5. Nc3 e6 6. Nf3 Bb4 7. Be2 O-O 8.
O-O dxc4 9. Bxc4 b6 10. Bb3 Bb7 11. Bg5 Nbd7 12. Qe2 Rc8 13. Rac1 Bxc3 14.
bxc3 Qc7 15. c4 Rfe8 16. Bxf6 Bxf3 17. Qxf3 Nxf6 18. c5 Red8 19. Rfd1 h6
20. g3 Qe7 21. Qe3 Qb7 22. Rd2 bxc5 23. dxc5 Rxd2 24. Qxd2 Ne4 25. Qe3 Qc6
26. Bd1 Nxc5 27. Bf3 Qd6 28. Rd1 Qe7 29. Rc1 Qd6 30. Rd1 Qb6 31. Rc1 Rc7
32. Kg2 Qd6 33. Rd1 Qe7 34. Rc1 Na4 35. Rb1 Nb6 36. Be4 g5 37. Bf3 Qf6 38.
Rb3 Kg7 39. Qe2 Rc3 40. Rxc3 Qxc3 41. Qa6 Qc7 42. Qb5 Nc4 43. Qb4 Nb6 44.
h4 Qe5 45. hxg5 hxg5 46. a4 Nd5 47. Qb5 Qd4 48. Kg1 Qb6 49. Qd3 Nf6 50. Qd2
Qc5 51. a5 Qe5 52. a6 Qc5 53. Bb7 Ne8 54. Kg2 Nd6 55. Qb2+ f6 56. Kf1 g4
57. Qe2 Qc1+ 58. Kg2 Qc4 59. Qd2 Qc7 60. Ba8 Nf7 61. Qb2 Ne5 62. Qd4 Kf7
63. Bb7 Qb8 64. Qc5 f5 65. Qd4 Kf6 66. Kf1 Kg6 67. Qc5 Nf7 68. Kg2 Ng5 69.
Qd4 Nf7 70. Kf1 Ng5 71. Kg2 Nf7 72. Kf1 Ne5 73. Ke2 Qc7 74. Kf1 Qc4+ 75.
Qxc4 Nxc4 76. Ke2 Nd6 77. Kd3 e5 78. Kc3 Kf6 79. Kb4 f4 80. Kc5 fxg3 81.
fxg3 Nf5 82. Bc8 Kg5 83. Be6 Nxg3 84. Kc6 Ne4 85. Kd5 g3 86. Bh3 Kf4 87.
Bg2 Nd2 88. Kc6 e4 89. Kb7 Nb3 0-1

[Event "WJun"]
[Site "Nakhchivan AZE"]
[Date "2003.07.03"]
[Round "13"]
[White "Esplana,C"]
[Black "Schneider,Dm"]
[Result "0-1"]
[WhiteElo "2367"]
[BlackElo "2424"]
[EventDate "2003.06.22"]

1. e4 e6 2. d4 d5 3. Nc3 Bb4 4. e5 c5 5. a3 Bxc3+ 6. bxc3 Qc7 7. Nf3 Ne7 8.
Bd3 b6 9. a4 Ba6 10. Bb5+ Bxb5 11. axb5 h6 12. O-O a5 13. bxa6 Rxa6 14.
Rxa6 Nxa6 15. Qe2 Nb8 16. c4 O-O 17. cxd5 Nxd5 18. c4 Ne7 19. dxc5 bxc5 20.
Rd1 Rd8 21. Rxd8+ Qxd8 22. Ba3 Qa5 23. Qe3 Nd7 24. h4 Nc6 25. Bb2 Qb4 26.
Qd2 Ndxe5 27. Bxe5 Nxe5 28. Qd8+ Kh7 29. Nxe5 Qe1+ 30. Kh2 Qxe5+ 31. g3 Qe2
32. Kg2 Qxc4 33. Qc7 Qd5+ 34. Kh2 e5 35. Qc8 h5 36. Qf5+ g6 37. Qc8 c4 38.
Qc7 Kg7 39. Kg1 Qd4 40. Kg2 c3 41. Kh3 Qe4 42. f3 Qe1 43. g4 Qh1+ 44. Kg3
Qg1+ 45. Kh3 hxg4+ 46. fxg4 Qe3+ 47. Kh2 Qe2+ 0-1

[Event "WJun"]
[Site "Nakhchivan AZE"]
[Date "2003.07.03"]
[Round "13"]
[White "Mahesh Chandran,P"]
[Black "Deepan,C"]
[Result "1/2-1/2"]
[WhiteElo "2419"]
[BlackElo "2379"]
[EventDate "2003.06.22"]

1. e4 e5 2. Nf3 Nc6 3. Bb5 Nf6 4. O-O Nxe4 5. d4 Nd6 6. Bxc6 dxc6 7. dxe5
Nf5 8. Qxd8+ Kxd8 9. Nc3 Be7 10. Rd1+ Ke8 11. Bg5 h6 12. Bxe7 Nxe7 13. h3
Ng6 14. Rd2 Ke7 15. Rad1 Be6 16. Nd4 Rad8 17. b3 a6 18. Nce2 c5 19. Nxe6
Rxd2 20. Rxd2 fxe6 21. f4 a5 22. g3 Ra8 23. Nc3 Nf8 24. Ne4 Nd7 25. Kg2 a4
26. bxa4 b6 27. Nc3 Nb8 28. Nb5 Rxa4 29. Nxc7 Ra7 30. Nb5 Rxa2 31. Kf3 Nc6
32. Rd6 Nd4+ 33. Nxd4 cxd4 34. Rxb6 Rxc2 35. Rb7+ Kf8 36. Rb3 Rd2 37. Ke4
g5 38. Rf3 Ke7 39. Rd3 Rh2 40. g4 gxf4 41. Kxd4 Ra2 42. Ke4 Ra4+ 43. Kf3
Kf7 44. Rd7+ Kg6 45. Re7 Ra6 46. Kxf4 h5 47. gxh5+ Kxh5 48. Rg7 Ra4+ 49.
Ke3 Kh6 50. Re7 Kg6 51. Rxe6+ Kf5 52. Re8 Re4+ 1/2-1/2

[Event "WJun"]
[Site "Nakhchivan AZE"]
[Date "2003.07.03"]
[Round "13"]
[White "Jirka,J"]
[Black "Safarli,E"]
[Result "1-0"]
[WhiteElo "2394"]
[BlackElo "2201"]
[EventDate "2003.06.22"]

1. d4 Nf6 2. c4 e6 3. g3 Bb4+ 4. Bd2 Qe7 5. Bg2 O-O 6. Nc3 d6 7. a3 Bxc3 8.
Bxc3 e5 9. dxe5 dxe5 10. Nf3 Nc6 11. Qc2 Qc5 12. Nd2 Nd4 13. Qd1 Qe7 14. e3
Bg4 15. f3 Bf5 16. e4 Be6 17. Bxd4 exd4 18. Qe2 Rad8 19. O-O Nd7 20. f4 f6
21. Rfe1 a5 22. b3 c6 23. Qf2 Nc5 24. Bf1 Qd6 25. b4 Na4 26. c5 Qd7 27. Nc4
Bxc4 28. Bxc4+ Kh8 29. Rad1 Nc3 30. Rd3 axb4 31. axb4 Rfe8 32. e5 fxe5 33.
Rxe5 Ne4 34. Qxd4 Qxd4+ 35. Rxd4 Nf6 36. Rxe8+ Rxe8 37. h3 h5 38. Bf7 Re3
39. Kf2 Re7 40. Bg6 h4 41. Rd8+ Ng8 42. g4 Rc7 43. g5 Re7 44. Kf3 Rc7 45.
Kg4 Re7 46. Kxh4 Rc7 47. Kg4 Re7 48. Rf8 1-0

[Event "WJun"]
[Site "Nakhchivan AZE"]
[Date "2003.07.03"]
[Round "13"]
[White "Mamedov,Rau"]
[Black "Hanley,C"]
[Result "1-0"]
[WhiteElo "2330"]
[BlackElo "2375"]
[EventDate "2003.06.22"]

1. e4 e6 2. d4 d5 3. Nd2 Nf6 4. e5 Nfd7 5. Bd3 c5 6. c3 Nc6 7. Ne2 cxd4 8.
cxd4 f6 9. exf6 Nxf6 10. O-O Bd6 11. Nf3 Qc7 12. Bg5 O-O 13. Bh4 Nh5 14.
Nc3 a6 15. Rc1 g6 16. Na4 Bd7 17. Bg3 Rae8 18. Be5 b5 19. Nc5 Bc8 20. Re1
Nxe5 21. Nxe5 Bxe5 22. Rxe5 Qf7 23. Rc2 Qf4 24. Bf1 Rf5 25. g3 Qg5 26. h4
Qh6 27. Nd3 Ref8 28. Bh3 1-0

[Event "WJun"]
[Site "Nakhchivan AZE"]
[Date "2003.07.03"]
[Round "13"]
[White "Kozak,L"]
[Black "Sadykov,R"]
[Result "1/2-1/2"]
[WhiteElo "2178"]
[BlackElo "2416"]
[EventDate "2003.06.22"]

1. d4 Nf6 2. c4 e6 3. Nf3 b6 4. e3 Bb7 5. Bd3 c5 6. O-O cxd4 7. exd4 d5 8.
b3 Nbd7 9. Bb2 Be7 10. Nbd2 Ne4 11. Re1 Nxd2 12. Nxd2 O-O 13. Qc2 Nf6 14.
c5 a5 1/2-1/2

[Event "WJun"]
[Site "Nakhchivan AZE"]
[Date "2003.07.03"]
[Round "13"]
[White "Kuparadze,G"]
[Black "Murariu,A"]
[Result "1/2-1/2"]
[WhiteElo "2227"]
[BlackElo "2347"]
[EventDate "2003.06.22"]

1. e4 c5 2. Nf3 Nc6 3. d4 cxd4 4. Nxd4 Nf6 5. Nc3 d6 6. Be2 e5 7. Nf3 h6 8.
O-O Be7 9. h3 Be6 10. Re1 O-O 11. Bf1 Nb8 12. b3 a6 13. a4 Nbd7 14. a5 Rc8
15. Bb2 Re8 16. Nd2 d5 17. exd5 Nxd5 18. Nxd5 Bxd5 19. Nc4 Be6 20. Qf3 Qc7
21. Nxe5 Qxc2 22. Nxd7 Qxb2 23. Nb6 Rcd8 24. Bc4 Bxc4 25. Nxc4 Qf6 26. Qxb7
Bc5 27. Qf3 Qxf3 28. gxf3 Rxe1+ 29. Rxe1 Rd3 30. Re5 Bd4 31. Re8+ Kh7 32.
Kg2 Rxb3 33. Ra8 Rc3 34. Nd6 Rc6 35. Nxf7 Bc3 36. f4 Rf6 37. Rh8+ Kg6 38.
Ne5+ Kf5 39. Ng4 Rc6 40. Ne3+ Ke6 41. Kf3 Bxa5 42. Ke4 Kf7 43. Kd5 Rf6 44.
Ng4 Rb6 45. Ne5+ Ke7 46. Rg8 Rd6+ 47. Ke4 g6 48. Rh8 Rf6 49. Rh7+ Ke8 50.
Rxh6 Rxf4+ 51. Kxf4 Bd2+ 52. Ke4 Bxh6 53. Nxg6 a5 54. Ne5 a4 55. Nc4 Ke7
56. Kd3 Kf6 57. Ne3 Kg5 58. Ng2 Bf8 59. Kc4 a3 60. Kb3 Bc5 61. f3 Bf8 62.
Kc2 Bg7 1/2-1/2

[Event "WJun"]
[Site "Nakhchivan AZE"]
[Date "2003.07.03"]
[Round "13"]
[White "Agaragimov,D"]
[Black "Dziuba,M"]
[Result "0-1"]
[WhiteElo "2252"]
[BlackElo "2450"]
[EventDate "2003.06.22"]

1. Nf3 d5 2. d4 c6 3. c4 e6 4. g3 dxc4 5. Bg2 Nd7 6. O-O b5 7. a4 Bb7 8. b3
cxb3 9. Qxb3 a6 10. Nc3 Ngf6 11. Rd1 Qb6 12. e4 Be7 13. Be3 O-O 14. Ne5 Qc7
15. Bf4 Nxe5 16. Bxe5 Qb6 17. Ra2 Nd7 18. Bf4 c5 19. dxc5 Nxc5 20. Qb1 Qa5
21. Bd2 b4 22. Ne2 Rfd8 23. Rf1 Nxa4 24. Qb3 Bc6 25. Rb1 Rab8 26. Be3 e5
27. Rba1 Qb5 28. Bf1 Nc5 0-1